Los corsarios y el virreinato del río de la plata /

Guardado en:
Autor Principal: Alzola De Cvitanovic, Nilsa M.
Formato: Libro
Publicado: Bahía Blanca : Universidad Nacional del Sur/dto de Humanidades, 1983
Materias:
Etiquetas: Agregar Etiqueta
Sin Etiquetas, Sea el primero en etiquetar este registro!
LEADER 00504nam a22001575a 4500
001 CEM.cems000492
005 20060210000000.0
008 130507s1983##################000#0#####d
003 CEMS
082 0 4 |a 982.02 
100 1 |a Alzola De Cvitanovic, Nilsa M. 
245 1 0 |a Los corsarios y el virreinato del río de la plata / 
260 |a Bahía Blanca :  |b Universidad Nacional del Sur/dto de Humanidades,  |c 1983 
300 |a 64 p. 
653 |a Historia 
859 |a CEMS  |b BIB. CEMS - 11 de abril  |h 982.02  |i AL199  |p 13154.84  |t Ej.1